|
|
|
|
| LEADER |
01126nam a2200277 a 4500 |
| 001 |
13494834 |
| 003 |
BD-DhAAL |
| 005 |
20241209135722.0 |
| 008 |
090901s2004 nju b 001 0 eng d |
| 010 |
|
|
|a \\2004043256
|
| 020 |
|
|
|a 0805847723 (pbk. : alk. paper)
|
| 040 |
|
|
|a DLC
|c DLC
|d DLC
|d BD-DhAAL
|
| 082 |
0 |
0 |
|a 370.15/4
|2 22
|
| 100 |
1 |
|
|a Brophy, Jere E.
|
| 245 |
1 |
0 |
|a Motivating students to learn /
|c Jere Brophy.
|
| 250 |
|
|
|a Second edition
|
| 260 |
|
|
|a Mahwah, NJ :
|b Lawrence Erlbaum Associates,
|c 2004.
|
| 300 |
|
|
|a xiv, 418 pages ;
|c 24 cm.
|
| 504 |
|
|
|a Includes bibliographical references and indexes.
|
| 526 |
|
|
|x CFL(Present BIL)
BRAC University.
|
| 541 |
1 |
|
|a Amazon.com
|e 00018261
|
| 650 |
|
0 |
|a Motivation in education.
|
| 852 |
4 |
|
|a Ayesha Abed Library
|j General shelf
|
| 942 |
|
|
|2 ddc
|c BK
|
| 999 |
|
|
|c 3430
|d 3430
|
| 952 |
|
|
|0 0
|1 0
|2 ddc
|4 0
|6 370_154000000000000_BRO_2004
|7 0
|8 NFIC
|9 3114
|a BRACUL
|b BRACUL
|c GEN
|d 2009-09-01
|e Amazon.com
|f 3691.00
|l 2
|m 3
|o 370.154 BRO
|p 3010018261
|r 2016-03-09
|s 2016-02-23
|t 1
|w 2009-09-01
|y BK
|x Requisitioned by CFL(Present BIL), BRAC University.$30.79 converted from Dollar to Taka on 9.12.2024.
|